000 00424nam a2200145Ia 4500
001 61730
008 080101n ii |||gr||||Z||||||465
082 _a370.1
100 _aJensen, Larry Cyril,
_eAuthor.
245 0 _aAdolescence: theories, research, applications
_cby Larry Cyril Jensen
_hTextual Documents
260 _aNew York
_bWest Publishing Company
653 _aEducation
653 _aG-Education
942 _2ddc
_cBK
999 _c62839
_d62839